00434pab a2200145 454500008004000000100002300040245010300063260000900166300001500175362000800190650003400198650001600232700001600248773002400264180718b2011 xxu||||| |||| 00| 0 eng d aSeita, Lalit Kumar aWhy distribution losses are still uncontrollable? A case study of electricity position in Haryana. c2011 ap.121-142. aDec aElectricity - India - Haryana aElectricity aSingh, Hawa aMan and Development